AH International Schools' Libraries

Homestyle Indian cooking / (Record no. 50292)

MARC details
000 -LEADER
fixed length control field 00402nam a2200133 4500
020 ## - INTERNATIONAL STANDARD BOOK NUMBER
International Standard Book Number 9780794606992
100 ## - MAIN ENTRY--PERSONAL NAME
Personal name Sanmugam, Devagi.
9 (RLIN) 87303
245 ## - TITLE STATEMENT
Title Homestyle Indian cooking /
Statement of responsibility, etc Devagi Sanmugam.
260 ## - PUBLICATION, DISTRIBUTION, ETC. (IMPRINT)
Place of publication, distribution, etc Singapore:
Name of publisher, distributor, etc Periplus Editions;
Date of publication, distribution, etc 2001.
300 ## - PHYSICAL DESCRIPTION
Extent 63 p.
Other physical details coloured pictures.
Dimensions 20 cm.
490 ## - SERIES STATEMENT
Series statement Periplus Mini Cookbooks;
650 ## - SUBJECT ADDED ENTRY--TOPICAL TERM
Topical term or geographic name as entry element Indian Recipes.
9 (RLIN) 87304
942 ## - ADDED ENTRY ELEMENTS (KOHA)
Source of classification or shelving scheme
Koha item type NON FIC SECTION
Holdings
Withdrawn status Lost status Source of classification or shelving scheme Damaged status Not for loan Collection code Home library Current library Date acquired Total Checkouts Full call number Barcode Date last seen Price effective from Koha item type
          Non-Fiction Asian Hope Secondary Library Asian Hope Secondary Library 03/24/2026   641 SAN 210905 03/24/2026 03/24/2026 NON FIC SECTION

For any Logos Library related questions please contact Miss Art at swongnarasuk@asianhope.org.

For any Asian Hope Library related questions please contact Miss Raza at graza@asianhope.org.

Powered by Koha